[Event "AUTO-OPEN-4641"]
[Site "http://www.queenalice.com/game.php?id=1869937"]
[Date "2026.2.27"]
[Round "1"]
[White "zubarev"]
[Black "maurice916"]
[Result "1-0"]
[WhiteElo "1794"]
[BlackElo "1882"]

1. d4 d6 2. e4 c6 3. c4 Nf6 4. Nc3 Bg4 5. f3 Bh5 6. Bd3 Bg6 7. Nge2 e6 8. Nf4
Be7 9. O-O O-O 10. e5 Bxd3 11. Qxd3 Nfd7 12. exd6 Bxd6 13. Re1 Nf6 14. Be3 Qc7
15. d5 Bxf4 16. Bf2 Bxh2+ 17. Kh1 Bg3 18. Bxg3 Qxg3 19. d6 Nbd7 20. Re3 Rad8 21.
Ne2 Qh4+ 22. Kg1 Nc5 23. Qd2 Qh6 24. Ng3 Rxd6 25. Qc3 Rfd8 26. Kf2 Rd2+ 27. Re2
Rxe2+ 28. Nxe2 Nd3+ 29. Kf1 Qh4 30. g3 Qh1+ 31. Ng1 Nc5 32. b4 Na6 33. b5 cxb5
34. cxb5 Nb8 35. Qc7 Re8 36. Qxb7 Nd5 37. Qxa7 Qh6 38. f4 Nxf4 39. gxf4 Qxf4+
40. Qf2 Qc4+ 41. Qe2 Qh4 42. Rb1 Nd7 43. b6 Rb8 44. Qb5 Rxb6 45. Qd3 Rxb1+ 46.
Qxb1 Qc4+ 47. Ne2 g6 48. a3 Nc5 49. Qb8+ Kg7 50. Qe5+ f6 51. Qc7+ Kh6 52. Qh2+
Kg5 53. Qg3+ Kf5 54. Qh3+ Qg4 55. Qxh7 Qf3+ 56. Ke1 Nd3+ 57. Kd2 Qe4 58. Qh3+
Ke5 59. Qxd3 Qa4 60. Qe3+ Kd6 61. Kc1 Qc6+ 62. Kb2 Ke7 63. Qb3 Qc7 64. a4 Qe5+
65. Nc3 f5 66. Qb4+ Kf6 67. a5 g5 68. a6 Qh2+ 69. Kb3 Qg1 70. Qb7 Qc5 71. a7 g4
72. a8=Q Kg5 73. Qd8+ Kf4 74. Qbb8+ Kf3 75. Qd3+ Kg2 76. Qbg3+ 1-0